000 00660nam a2200217Ia 4500
008 101110s9999 xx 000 0 und d
041 _aENGLISH
082 _bJR5714
100 _aDurugkar (Dagade) M.M.
245 _aScholars objective chemistry (Chemistry-II) for MHT-CET and Asso-CET
260 _c2008
_bSheth publishers,Mumbai
300 _a435
365 _b250
520 _aChemistry
546 _aENGLISH
630 _aScholars objective chemistry (Chemistry-II) for MHT-CET and Asso-CET
650 _aChemistry
655 _aChemistry
730 _aScholars objective chemistry (Chemistry-II) for MHT-CET and Asso-CET
942 _cBOOK
999 _c796509
_d796506